Incollable #19 - Maths-Français - Statistiques

Statistiques générales
  • Ce quiz a été pris 1 458 fois
  • Le résultat moyen est 9 sur 11
Statistiques - réponses
Niveaux Questions Réponses % Correct
CE1 Dans le dictionnaire ou le lexique, le mot « lapin » vient-il avant ou après le mot « poule » ? Avant
100%
CE2 Léo achète 2 € de bonbon et un magazine à 3,50 €. Combien a-t-il dépensé ? 5,5 €
99%
CE1 Peut-on acheter un gâteau à 8 € avec trois pièces de 1 € et 2 pièce de 2 € ? Non (il manque un euro)
99%
CP Comment appelle-t-on une femme qui fait du ski ? Une skieuse
99%
CE2 « Tulipe » est-il un nom propre ou un nom commun ? Un nom commun
98%
Lycée Quel nombre entier est égal à (2/4)+(1/2) ? 1
94%
CM1 Conjugue le verbe « boire » à la deuxième personne du singulier de l’imparfait de l’indicatif. Tu buvais
92%
Collège Je suis une lettre qui accompagne souvent le lettre U. Que suis-je ? Le Q
83%
CM1 Quel est le poids moyen d’un poulet ? 2000 g | 2 kg
79%
Collège Quel mot, commençant par S, est le contraire de l’hypocrisie ? La sincérité
60%
Lycée Comment appelle-t-on un amateur de mots croisés ? Un cruciverbiste
25%
Aucun quiz correspondant
Distribution des résultats
% des personnes avec chaque résultat
Percentile par nombre de réponses
Votre historique - résultats
Vous n’avez pas pris ce quiz